[Event "Sheki op-A"]
[Site "Sheki"]
[Date "2025.06.23"]
[Round "6"]
[White "Mustafazade, Yusif"]
[Black "Bashirli, Saadat"]
[Result "1/2-1/2"]
[WhiteElo "1870"]
[BlackElo "1989"]
[PlyCount "120"]
[EventDate "2025.06.19"]
[EventType "swiss"]
[EventRounds "9"]
[EventCountry "AZE"]
[SourceTitle "CB27_2025"]
[SourceDate "2025.07.02"]
[SourceVersion "1"]
[SourceVersionDate "2025.07.02"]
[SourceQuality "1"]

1. Nf3 d5 2. b3 Bf5 3. Bb2 e6 4. e3 Nd7 5. c4 c6 6. Nc3 Ngf6 7. Be2 h6 8. 0-0 Bd6 9. d3 Qe7 10. a3 0-0 11. Qc2 a5 12. e4 dxe4 13. Nxe4 Nxe4 14. dxe4 Bh7 15. Rfe1 Rfd8 16. Qc3 f6 17. Bd3 Nc5 18. Bc2 e5 19. b4 axb4 20. axb4 Rxa1 21. Bxa1 Na6 22. c5 Bb8 23. Bb2 Kh8 24. Bb3 g5 25. Bc4 Kg7 26. h3 Nc7 27. Qb3 Bg6 28. Nh2 Qd7 29. Nf1 h5 30. f3 Qe7 31. Ne3 Kh7 32. Rd1 Rd7 33. Rd3 Qd8 34. Qd1 Rxd3 35. Qxd3 Qxd3 36. Bxd3 Bf7 37. Nc4 Na6 38. Bc3 Bc7 39. Kf2 Kg7 40. Bd2 Be6 41. Ke2 Kf7 42. Be1 Ke7 43. Kd1 Nb8 44. Bc3 Nd7 45. Ke2 Nf8 46. b5 Bxc4 47. Bxc4 cxb5 48. Bxb5 Ne6 49. c6 b6 50. Bc4 Nf4+ 51. Kf2 Bd6 52. Bf1 Bc5+ 53. Kg3 Kd6 54. Bb5 Ne6 55. h4 Nc7 56. Bc4 Kxc6 57. hxg5 fxg5 58. Bxe5 Be7 59. Bxc7 Kxc7 60. f4 gxf4+ 1/2-1/2